Văn học Việt Nam
Zapisane w:
| 1. autor: | |
|---|---|
| Format: | Książka |
| Język: | Undetermined |
| Wydane: |
Sài Gòn
Trung tâm học liệu Bộ Giáo dục
1969
|
| Hasła przedmiotowe: | |
| Etykiety: |
Dodaj etykietę
Nie ma etykietki, Dołącz pierwszą etykiete!
|
| Thư viện lưu trữ: | Trung tâm Học liệu Trường Đại học Cần Thơ |
|---|
| LEADER | 00514nam a2200169Ia 4500 | ||
|---|---|---|---|
| 001 | CTU_46635 | ||
| 008 | 210402s9999 xx 000 0 und d | ||
| 082 | |a 895.92208 | ||
| 082 | |b H104vh | ||
| 100 | |a Dương Quảng Hàm | ||
| 245 | 0 | |a Văn học Việt Nam | |
| 245 | 0 | |c Dương Quảng Hàm | |
| 260 | |a Sài Gòn | ||
| 260 | |b Trung tâm học liệu Bộ Giáo dục | ||
| 260 | |c 1969 | ||
| 650 | |a vietnamese poetry - collections | ||
| 980 | |a Trung tâm Học liệu Trường Đại học Cần Thơ | ||